000 00841nam a2200253 a 4500
001 79969
003 BD-RjUL
005 20220919125353.0
008 220614r20192016bg ||||| |||| 00| 0 ben d
020 _a9847000002853 (Vol.1)
020 _a9847000002501 (Vol.2)
035 _a(BD-RjUL)79969
040 _aBD-RjUL
_beng
_cBD-RjUL
041 _aben
082 _223
_a100
_bBED 2019
100 _aবেগম, হাসনা
_91502
245 _aদার্শনিকদের গল্প /
_cহাসনা বেগম
260 _aঢাকা :
_bজাতীয় সাহিত্য প্রকাশ,
_c২০১৬, ২০১৯
300 _aখণ্ড ;
_c২২ সেমি.
505 0 1 _aখণ্ড ১ম -- খণ্ড ২য়
650 _aদর্শন
650 _aPhilosophy
942 _2ddc
_cBK
999 _c79969
_d79969